|
|
|
|
| LEADER |
01825nem a2200445 a 4500 |
| 001 |
nkc20112160368 |
| 003 |
CZ PrNK |
| 005 |
20150407143410.0 |
| 007 |
ad canzn |
| 008 |
150317s2011 xr ag e 0 cze |
| 015 |
|
|
|a cnb002160368
|
| 020 |
|
|
|a 978-80-87154-74-8
|q (brož. v obalu)
|
| 034 |
1 |
|
|a a
|b 5000
|d E0164006 ǂe E0164107 ǂf N0491350 ǂg N0491306
|
| 040 |
|
|
|a ABA001
|b cze
|
| 043 |
|
|
|a e-xr---
|b e-xr-jm
|2 czenas
|
| 072 |
|
7 |
|a 630
|x Lesnictví
|2 Konspekt
|9 24
|
| 072 |
|
7 |
|a 912
|x Mapy. Atlasy. Glóby
|2 Konspekt
|9 7
|
| 080 |
|
|
|a 581.526
|2 MRF
|
| 080 |
|
|
|a 574.4/.5
|2 MRF
|
| 080 |
|
|
|a 913(437.322)
|2 MRF
|
| 080 |
|
|
|a (084.3)630
|2 MRF
|
| 100 |
1 |
|
|a Horák, Jaroslav,
|d 1919-
|7 jk01042067
|4 aut
|
| 245 |
1 |
0 |
|a Geobiocenologická mapa souborů lesních geobiocenóz NPR "Hádecká planinka"
|h [kartografický dokument] /
|c Jaroslav Horák, Václava Hrubá, Jan Štykar
|
| 246 |
3 |
0 |
|a Hádecká planinka
|
| 255 |
|
|
|a Měřítko 1:5 000
|c (16°40´06" v.d.--16°41´07" v.d./49°13´50" s.š.--49°13´06" s.š.)
|
| 260 |
|
|
|a Kostelec nad Černými lesy :
|b Lesnická práce,
|c c2011
|
| 300 |
|
|
|a 1 atlas (8 s., 1 mapový list) :
|b barev. ;
|c 30 cm
|
| 500 |
|
|
|a Ve společném papírovém obalu
|
| 500 |
|
|
|a Podrobná charakteristika skupiny lesních geobiocenóz
|
| 650 |
0 |
7 |
|a biogeocenologie
|7 ph120500
|z Česko
|2 czenas
|
| 650 |
0 |
7 |
|a biocenózy
|7 ph118883
|z Česko
|2 czenas
|
| 655 |
|
7 |
|a lesnické mapy
|7 fd186731
|2 czenas
|
| 651 |
|
7 |
|a Brno (Česko : severovýchodní oblast)
|7 ge418013
|2 czenas
|
| 700 |
1 |
|
|a Hrubá, Václava,
|d 1971-
|7 mzk2009529069
|4 aut
|
| 700 |
1 |
|
|a Štykar, Jan
|7 mzk2008442760
|4 aut
|
| 910 |
2 |
|
|a BOA001
|b Mp4-1342.834
|
| 990 |
|
|
|a MP
|
| 995 |
|
|
|a 01
|
| 991 |
|
|
|b 201504
|c NOV
|e n
|
| 996 |
6 |
|
|b 2610625184
|c Mp4-1342.834
|l MZK
|r Sklad / do 1 hodiny
|n 1
|p p.v.
|w 001495087
|u 000010
|a 1
|e BOA001
|j MZK50
|s P
|